00593 2200181 4500245006300000020001800063250001200081100003000093700001900123650001900142005001900161260003100180041001400211084001000225300002200235500014500257336000900402 aKreasi Bunga dari SedotancHerry Cahyo SastrodiwirjohText a979-3235-20-9 aCet. 15 aHerry Cahyo Sastrodiwirjo aTety Rohmawati aKreasi Sedotan a20230929085607 aJakartabPuspa Swarac2009 aIndonesia a745.5 a84 hlm. :c23,5cm aBuku ini berisi tentang cara membuat beragam kreasi bunga, alat dan bahan yang dibutuhkan, lengkap dengan foto dan ilustrasi yang menunjang. atext